00472nam a2200169Ia 4500100001800000650001700018942000700035366000700042654001700049245003300066260001400099082000800113300000800121546001200129999001700141952014400158 aSegaram/Toby  aSemantic web cBK f20 asemantic web aProgramming the semantic web bSPDc2009 bSEG a280 aENGLISH c34396d34396 001040708CRCaCRCEbCRCEd2023-03-17eShroff Publishersg520.00i03679 dr 24.01.2019l0o SEGp25520r2024-02-14v650.00w0000-00-00yBK